书目信息 |
| 题名: |
外国幼儿教育史
|
|
| 作者: | 单中惠 , 刘传德 著 | |
| 分册: | ||
| 出版信息: | 上海 上海教育出版社 1997 |
|
| 页数: | 343页 | |
| 开本: | 20cm | |
| 丛书名: | 学前教育丛书 | |
| 单 册: | ||
| 中图分类: | G619.1 | |
| 科图分类: | ||
| 主题词: | 学前教育--教育史--外国 , 教育史 , 学前教育 | |
| 电子资源: | ||
| ISBN: | 7-5320-5383-0 | |
| 000 | 00894nam0 2200301 450 | |
| 000 | 00900nam0 2200301 450 | |
| 000 | 00831nam0 2200277 450 | |
| 000 | 00795oam2 2200265 45 | |
| 005 | 20070727135632.02 | |
| 010 | @a7-5320-5383-0@dCNY15.00 | |
| 100 | @a20070708d1997 em y0chiy0120 ea | |
| 101 | 0 | @achi |
| 102 | @aCN@b310000 | |
| 105 | @ay z 000yy | |
| 200 | 1 | @a外国幼儿教育史@AWai Guo You Er Jiao Yu Shi@f单中惠,刘传德著@FDan Zhong Hui, Liu Chuan De Zhu |
| 210 | @a上海@c上海教育出版社@d1997 | |
| 215 | @a343页@d20cm | |
| 225 | 2 | @a学前教育丛书 |
| 308 | @a2001 学前教育丛书 | |
| 410 | 0 | @12001 @a学前教育丛书 |
| 606 | 0 | @a学前教育@x教育史@y外国 |
| 606 | 0 | @a教育史 |
| 606 | 0 | @a学前教育 |
| 690 | @aG619.1@v4 | |
| 701 | 0 | @a单中惠@ADan Zhong Hui@f(1945~)@4著 |
| 701 | 0 | @a刘传德@ALiu Chuan De@4著 |
| 801 | 0 | @aCN@bTAOJIN@c20070727 |
| 905 | @a10447@dG619.1@e175 | |
| 外国幼儿教育史/单中惠,刘传德著.-上海:上海教育出版社,1997 |
| 343页;20cm.-(学前教育丛书) |
| ISBN 7-5320-5383-0:CNY15.00 |
| ● |
| 相关链接 |
|
|
|
|
正题名:外国幼儿教育史
索取号:G619.1/175
 
预约/预借
| 序号 | 登录号 | 条形码 | 馆藏地/架位号 | 状态 | 备注 |
| 1 | 0821015 | 208210158 | 第一样本阅览室/ [索取号:G619.1/175] | 在馆 | |
| 2 | 0821016 | 208210167 | 教育系资料室/ [索取号:G619.1/175] | 在馆 | |
| 3 | 0821017 | 208210176 | 第四借阅区/ [索取号:G619.1/175] | 在馆 | |
| 4 | 0821018 | 208210185 | 教育系资料室/ [索取号:G619.1/175] | 在馆 | |
| 5 | 0821019 | 208210194 | 第四借阅区/ [索取号:G619.1/175] | 在馆 |